LEADER 01624nam 2200397Ia 450 001 996393769103316 005 20221108074752.0 035 $a(CKB)3450000000100447 035 $a(EEBO)2240925527 035 $a(OCoLC)9920465800971 035 $a(EXLCZ)993450000000100447 100 $a19950918d1609 uy | 101 0 $aeng 135 $aurbn||||a|bb| 200 10$aBy the King$b[electronic resource] $ethe kings most excellent Maiestie, finding that the infection of the plague is at this present in sundry places of the city of London .. 210 $aImprinted at London $cBy Robert Barker, Printer to the Kings most Excellent Maiestie$dAnno Dom. 1609 215 $a1 sheet ([1] p.) 300 $aOther title information from first 2 lines of text. 300 $aFor adjourning part of Michaelmas term because of plague. 300 $a"Giuen at our honour of Hampton Court the two and twentieth day of September, in the seuenth yeere of our Reigne of Great Britaine, France and Ireland." 300 $aReproduction of original in: Harvard University. Library. 330 $aeebo-0062 606 $aTerms of court$zEngland$vEarly works to 1800 606 $aPlague$zEngland$zLondon$vEarly works to 1800 607 $aGreat Britain$xHistory$yJames I, 1603-1625 608 $aBroadsides$zLondon (England)$y17th century.$2rbgenr 615 0$aTerms of court 615 0$aPlague 701 $aJames$cKing of England,$f1566-1625.$01001019 801 0$bEBK 801 1$bEBK 801 2$bWaOLN 906 $aBOOK 912 $a996393769103316 996 $aBy the King$92299281 997 $aUNISA LEADER 04205 am 2200901 n 450 001 9910324030603321 005 20231126112116.0 010 $a2-8028-0372-7 024 7 $a10.4000/books.pusl.5454 035 $a(CKB)4100000008283957 035 $a(FrMaCLE)OB-pusl-5454 035 $a(oapen)https://directory.doabooks.org/handle/20.500.12854/41934 035 $a(PPN)236710540 035 $a(EXLCZ)994100000008283957 100 $a20190528j|||||||| ||| 0 101 0 $afre 135 $auu||||||m|||| 181 $ctxt$2rdacontent 182 $cc$2rdamedia 183 $acr$2rdacarrier 200 10$aBelgitude et crise de l?État belge /$fHugues Dumont, Christian Franck, Jean-Louis De Brouwer, François Ost 210 $aBruxelles $cPresses de l?Université Saint-Louis$d2018 215 $a1 online resource (306 p.) 311 $a2-8028-0069-8 330 $aL'État belge est arrivé aujourd'hui à un tournant sans doute décisif de son histoire. De cette crise, on parle beaucoup, au point qu'un inquiétant sentiment de lassitude s'est emparé d'un grand nombre de citoyens. Mais qui en parle en dehors de la classe politique et des groupes de pression ? Pourquoi les intellectuels et les artistes participent-ils si rarement au débat politique en Belgique ? Récemment, des intellectuels des deux côtés de la frontière linguistique ont souligné l?urgence d?une réflexion sérieuse et ouverte à tous les points de vue, sur la coexistence des identités culturelles qui se manifestent en Belgique et sur la question de l?identité belge. C'est pour répondre à cet appel que, dans une perspective universitaire et scientifique, la Faculté de droit des FUSL a organisé, le 24 novembre 1988, un colloque consacré aux rapports entre la crise de l'État belge et le thème controversé de la « belgitude ». Quatre grandes questions volontairement abruptes ont structuré les débats : y a-t-il un État belge (approche juridique) ? Y a-t-il une société civile belge ; (approche sociologique) ? Y a-t-il une Nation belge (approche historique) ? Y a-t-il une culture belge (approche littéraire et artistique) ? Les textes publiés ici traitent ces questions de manière beaucoup plus développée que lors du colloque. 606 $aLaw 606 $aPolitical Science 606 $aBelgique 606 $aculture belge 606 $aétat 606 $aFlandre 606 $aWallonie 607 $aBelgium$xPolitics and government$y1951-1993$vCongresses 607 $aBelgium$xCivilization$y20th century$vCongresses 610 $aWallonie 610 $aculture belge 610 $aétat 610 $aBelgique 610 $aFlandre 615 4$aLaw 615 4$aPolitical Science 615 4$aBelgique 615 4$aculture belge 615 4$aétat 615 4$aFlandre 615 4$aWallonie 676 $a949.304/3 700 $aBontridder$b Albert$01255731 701 $aBricman$b Charles$0709203 701 $aBruneel$b Claude$0253062 701 $aCauchies$b Jean-Marie$01282746 701 $aDelpérée$b Francis$0421060 701 $aDewachter$b Wilfried$01282747 701 $aDe Brouwer$b Jean-Louis$01282748 701 $aDubois$b Jacques$0153638 701 $aDumont$b Hugues$01233294 701 $aFontaine$b José$01282749 701 $aFranck$b Christian$0412554 701 $aJaveau$b Claude$0443525 701 $aLadrière$b Jean$0346653 701 $aLeman$b Johan$01282750 701 $aLouvet$b Jean$0440136 701 $aMertens$b Pierre$0440131 701 $aOst$b François$0406728 701 $aPerin$b François$0234242 701 $aRimanque$b Karel$01282751 701 $aSomville$b Roger$f1923-2014.$0593751 701 $aVos$b Louis$01282752 701 $aDumont$b Hugues$01233294 701 $aFranck$b Christian$0412554 701 $aDe Brouwer$b Jean-Louis$01282753 701 $aOst$b François$0406728 712 02$aFaculte?s universitaires Saint-Louis.$bFaculte? de droit. 801 0$bFR-FrMaCLE 906 $aBOOK 912 $a9910324030603321 996 $aBelgitude et crise de l?État belge$93018879 997 $aUNINA